Statistics for Patriot League College Football Teams

Click here to take the quiz!

General Stats

  • This quiz has been taken 41 times
  • The average score is 6 of 7

Answer Stats

SchoolTeam Name/Colors% Correct
GeorgetownHoyas
92%
LafayetteLeopards
84%
LehighMountain Hawks
84%
BucknellBison
80%
ColgateRaiders
76%
Holy CrossCrusaders
76%
FordhamRams
68%

Score Distribution

Percentile by Number Answered

Percent of People with Each Score

Your Score History

You have not taken this quiz